Normal view
MARC view
Entry Personal Name
001 - CONTROL NUMBER
- control field: 85676
003 - CONTROL NUMBER IDENTIFIER
- control field: dpl
005 - DATE AND TIME OF LATEST TRANSACTION
- control field: 20251117143145.0
008 - FIXED-LENGTH DATA ELEMENTS
- fixed length control field: 251117|| aca||aabn | a|a d
040 ## - CATALOGING SOURCE
- Original cataloging agency: dpl
- Transcribing agency: dpl
100 ## - HEADING--PERSONAL NAME
- Personal name: तिलक, लोकमान्य बाल गंगाधर
670 ## - SOURCE DATA FOUND
- Source citation: Work cat.: (dpl)94508: तिलक, लोकमान्य बाल गंगाधर , गीतारहस्य /, 2016
